<?xml version="1.0" encoding="UTF-8"?>
<record
    xmlns:xsi="http://www.w3.org/2001/XMLSchema-instance"
    xsi:schemaLocation="http://www.loc.gov/MARC21/slim http://www.loc.gov/standards/marcxml/schema/MARC21slim.xsd"
    xmlns="http://www.loc.gov/MARC21/slim">

  <leader>00385nam a2200133Ia 4500</leader>
  <controlfield tag="008">151001s9999||||xx |||||||||||||| ||und||</controlfield>
  <datafield tag="100" ind1=" " ind2=" ">
    <subfield code="a">&#x909;&#x926;&#x92F;&#x915;&#x93E;&#x902;&#x924;  &#x92A;&#x93E;&#x920;&#x915;</subfield>
  </datafield>
  <datafield tag="245" ind1=" " ind2=" ">
    <subfield code="a">&#x921;&#x93E;&#x901;.&#x938;&#x93E;&#x935;&#x92A;&#x932;&#x94D;&#x932;&#x940; &#x930;&#x93E;&#x927;&#x93E;&#x915;&#x943;&#x937;&#x94D;&#x923;&#x928; </subfield>
  </datafield>
  <datafield tag="250" ind1=" " ind2=" ">
    <subfield code="a">1         </subfield>
  </datafield>
  <datafield tag="260" ind1=" " ind2=" ">
    <subfield code="b">&#x930;&#x93E;&#x937;&#x94D;&#x91F;&#x94D;&#x930; &#x92D;&#x93E;&#x937;&#x93E;</subfield>
  </datafield>
  <datafield tag="260" ind1=" " ind2=" ">
    <subfield code="c">2001  </subfield>
  </datafield>
  <datafield tag="300" ind1=" " ind2=" ">
    <subfield code="a">160</subfield>
  </datafield>
  <datafield tag="365" ind1=" " ind2=" ">
    <subfield code="b">18</subfield>
  </datafield>
  <datafield tag="999" ind1=" " ind2=" ">
    <subfield code="c">978769</subfield>
    <subfield code="d">978766</subfield>
  </datafield>
</record>
